Compendium Theologiae Moralis ad norman novissimi codicis canonici

Gorde:
Xehetasun bibliografikoak
Egile nagusia: Ferreres, Joanne B (Egilea)
Formatua: Liburua
Hizkuntza:latina
Argitaratua: Barcelona Eugenius Subirana 1917
Edizioa:8a. ed
Gaiak:
Etiketak: Etiketa erantsi
Etiketarik gabe, Izan zaitez lehena erregistro honi etiketa jartzen!

MARC

LEADER 00000cam a2200000 a 4500
001 UCD2276
003 CL-VaPUC
008 160421e19170000sp |||||||||||||||||lat|d
082 0 4 |a 241  |b FER  |2 21 
100 0 |a Ferreres, Joanne B  |e author  |9 585589 
245 1 0 |a Compendium Theologiae Moralis ad norman novissimi codicis canonici 
250 |a 8a. ed 
300 |a t 
942 |c BK 
945 |d 20160421 23:07:00  |a dcastane 
260 |a Barcelona  |b Eugenius Subirana  |c 1917 
650 0 |a Teología moral   |9 256617 
650 7 |a CODIGO CANONICO  |2 CL-VaPUC  |9 585590 
650 7 |a DERECHO CANONICO  |2 CL-VaPUC  |9 585591 
583 |a last modification  |c 20160421 23:07:00  |k Rodrigo Vera 
999 |c 363439  |d 363437 
952 |0 0  |1 0  |3 erd  |4 0  |6 241_000000000000000_FER_1917  |7 0  |8 X  |9 475783  |a BIBTEO  |b BIBTEO  |c TEO_FFR  |h t.1  |i 5225450  |o 241 FER 1917  |p 5225450  |r 2024-01-18  |w 2019-11-24  |y BK_X  |z Catalogado en:20160421  |k OFM 
952 |0 0  |1 0  |3 erd  |4 0  |6 241_000000000000000_FER_1917  |7 0  |8 X  |9 475784  |a BIBTEO  |b BIBTEO  |c TEO_FFR  |h t.2  |i 5225469  |o 241 FER 1917  |p 5225469  |r 2024-01-18  |w 2019-11-24  |y BK_X  |z Catalogado en:20160421  |k OFM